Statistics for Countries With Ballon d'Or Winners (with map)

Click here to take the quiz!

General Stats

  • This quiz has been taken 1,632 times
    (1,591 since last reset)
  • The average score is 14 of 18

Answers on the Map

Answers color-coded by a green-red scale on the quiz's map according to % correct below.
 

Answer Stats

No of winsCountries% Correct
5Portugal (Eusebio,Figo,Cristiano Ronaldo (3))
98%
5Argentina (Lionel Messi (5))
97%
6France (Kopa,Platini(3),Papin,Zidane)
97%
5Brazil (Rivaldo,Ronaldo(2),Ronaldinho,Kaka)
96%
7Germany (Muller,Beckenbauer(2),Rummenigge(2),Matthaus,Sammer)
95%
3Spain (di Stefano(2),Suarez)
95%
5Italy (Sivori,Rivera,Rossi,Baggio,Cannavaro)
94%
5England (Matthews,Charlton,Keegan(2),Owen)
92%
7Netherlands (Cruyff(3),Gullit,Van Basten(3))
88%
1Russia ( Lev Yashin)
86%
2Ukraine (Blokhin, Belanov)
70%
1Liberia (George Weah)
64%
1Hungary (Florian Albert)
62%
2Czech Republic (Masopust, Nedved)
60%
1Bulgaria (Hristo Stoichkov)
53%
1Denmark (Allan Simonsen)
53%
1Scotland (Denis Law)
38%
1Northern Ireland (George Best)
32%

Score Distribution

Percentile by Number Answered

Percent of People with Each Score

Your Score History

You have not taken this quiz since the last reset